Vnútropodnikové smernice pre vedenie účtovníctva a ich využitie v účtovnej jednotke MILADA PLUS, s. r. o. Trnava : Diplomová práca

Saved in:
Bibliographic Details
Main Author: Císarová, Silvia (Author)
Other Authors: Horváthová, Martina, 1971- (xxx)
Format: Manuscript Book
Language:Slovak
Published: Trnava : STU v Bratislave MtF KPIM, 2003
Subjects:
Tags: Add Tag
No Tags, Be the first to tag this record!

MARC

LEADER 00000ntm a22000003a 4500
001 stu82021
005 20160719154910.5
008 031006s2003----xo------------------slo-d
040 |a STU  |b slo 
041 0 |a slo 
044 |a xo 
100 1 |a Císarová, Silvia  |4 aut 
245 1 |a Vnútropodnikové smernice pre vedenie účtovníctva a ich využitie v účtovnej jednotke MILADA PLUS, s. r. o. Trnava :  |b Diplomová práca 
260 |a Trnava :  |b STU v Bratislave MtF KPIM,  |c 2003 
300 |a 92 s  |c abstr. + príl. 
650 7 |a účtovné smernice  |2 stusub 
650 7 |a manažment priemyselných podnikov  |2 stusub 
700 1 |a Horváthová, Martina,  |d 1971-  |4 xxx  |u M4000  |U MTF Materiálovotechnologická fakulta  |T MTF Ústav priemyselného inžinierstva a manažmentu  |X 1507  |U M4000  |Y 84  |7 A000001507 
996 |b 284M037509  |c M*DP-4509  |l MMSKP  |s P  |a 0  |w stu82021_0001